000 00631nam a2200193 a 4500
005 20140412111244.0
008 000822s19uu xx 00 eng d
020 _a0-590-34304-1
050 _aTR(GS 004
_bB37 1984
100 _aHanavan, Patricia Relf
245 _aBasic Computing B/
_cby Patricia Relf Hanavan.
250 _aTeacher's Edition
260 _aNew York :
_bScholastic Inc,
_c1984.
300 _a64 p.
440 _aA Scholastic Skills Book
520 _aThis book will help you learn: how a computer works, and how to make a computer work for you.
650 _aComputer
_xStudy and teaching
999 _c102873
_d102873